| 000 | 00512nam a22001697a 4500 | ||
|---|---|---|---|
| 005 | 20251108172837.0 | ||
| 008 | 250721s1998 xx 000 0 ara d | ||
| 082 | 1 | 4 | _a794.1/رين |
| 100 | 1 | _aرينفلد، فريد | |
| 245 | 1 | 0 | _aكيف تلعب بالقطع السوداء / |
| 264 | 1 |
_aبغداد : _bاتحاد الشطرنج العراقي، _c1998. |
|
| 300 | _a126ص | ||
| 650 | 1 | 7 | _aالشطرنج |
| 700 | 1 |
_aرشيد، عبد الوهاب أحمد _etran. |
|
| 942 |
_2ddc _cBK |
||
| 999 |
_c89866 _d89866 |
||